000 00398nam a2200181Ia 4500
100 _aSatish kumar
650 _aNeural networks
250 _a2
942 _cBK
366 _f20
654 _aneural networks
245 _aNeural networks: Matlab examples
260 _bTata Mc Graw hill Ltd.
_c2013
082 _a4.65
_bSAT
300 _a735
546 _aENGLISH
_cComputers
999 _c20173
_d20173